Teoría del Periodismo
Wedi'i Gadw mewn:
| Prif Awdur: | |
|---|---|
| Fformat: | Llyfr |
| Iaith: | Sbaeneg |
| Cyhoeddwyd: |
Cuernavaca
Alfaomega
2009
|
| Rhifyn: | 1a. ed |
| Pynciau: | |
| Tagiau: |
Ychwanegu Tag
Dim Tagiau, Byddwch y cyntaf i dagio'r cofnod hwn!
|
MARC
| LEADER | 00000nam a2200000 a 4500 | ||
|---|---|---|---|
| 001 | UCG0824 | ||
| 003 | CL-VaPUC | ||
| 008 | 100408e20090200MX |||||||||||||||||spa|d | ||
| 020 | |a 9786077686149 | ||
| 082 | 0 | 4 | |a 070 |b PEN |2 21 |
| 100 | 0 | |a Pena de Oliveira, Felipe |e author |9 548432 | |
| 245 | 1 | 0 | |a Teoría del Periodismo |
| 250 | |a 1a. ed | ||
| 300 | |a 244 p | ||
| 942 | |c BK | ||
| 945 | |d 20100408 00:00:00 |a dcastane | ||
| 260 | |a Cuernavaca |b Alfaomega |c 2009 | ||
| 650 | 7 | |a PERIODISMO ASPECTOS SOCIALES |2 CL-VaPUC |9 548433 | |
| 650 | 0 | |a Medios de comunicación de masas |9 257273 | |
| 650 | 0 | |a Noticias |9 332257 | |
| 583 | |a last modification |c 20130620 05:17:56 |k Rodrigo Vera | ||
| 999 | |c 340347 |d 340345 | ||
| 952 | |0 0 |1 0 |4 0 |6 070_000000000000000_PEN_2009 |7 0 |8 A |9 434969 |a BIBCUR |b BIBCUR |d 2019-11-22 |i 465773K |o 070 PEN 2009 |p 465773K |r 2025-04-22 |w 2019-11-22 |y BK |k PER | ||